Missing Word: A Bunch of Bull Quiz Stats

 Plays Quiz Updated Nov 23, 2016

Challenge
Share
Tweet
Embed
Score 0/18 Timer 03:00
0 Plays Today
‘Bull’ term Missing Word % Correct
______ BullRed
99.3%
Bull’s-______eye
97.3%
______ the bull by the hornsTake
93%
Like a bull in a ______ shopchina
90.8%
______ BullsChicago
90.2%
As ______ as a bullstrong
86.8%
Bull______horn
85.3%
______ of the BullsRunning
82.6%
Bull______frog
81%
‘Bull’ term Missing Word % Correct
Bull______pen
77.4%
______ BullRaging
74.8%
______-and-bull storyCock
69.9%
Bull-______headed
68.9%
Bull______dozer
68%
Bull ______riding
66.8%
Bull ______Durham
64.5%
______ the bullShoot
60.7%
Bull ______fight
42.9%

Today's Daily Dose

Missing Word
TV HA - HZ

Word Ladder
Nordic Capital

On This Day
January 19th II

You're not logged in!

Compare scores with friends on all Sporcle quizzes.
OR
Log In

You Might Also Like...

Show Comments

Extras

Top Quizzes Today


Score Distribution

Your Account Isn't Verified!

In order to create a playlist on Sporcle, you need to verify the email address you used during registration. Go to your Sporcle Settings to finish the process.

Report this User

Report this user for behavior that violates our Community Guidelines.

Details: